000 00292nam a2200109Ia 4500
008 220204s9999 xx 000 0 und d
082 _aNR:62:678-13
_bSYN
245 0 _aSynaprene rubber handbook
260 _aBombay
_bSynthetics &Chemicals Ltd
_c1972
650 _aSynaprene rubber
942 _cBK
999 _c21946
_d21946